000 00494nam a2200193Ia 4500
005 20250326145447.0
008 250326s9999 xx 000 0 und d
037 _aTextbook
040 _aFMSL
_beng
_cFMSL
041 _aeng
_2eng
084 _qFMSL
100 _aLee N R
_9751203
245 0 _aSocial marketing
_cLee N R; Kotler P
260 _aNew Delhi
_bNew Delhi, Sage
_c2016
365 _b5432.8299999999999
650 _aManagement
942 _cTB
999 _c1307656
_d1307656